[Event "San Francisco TNM Max Wilkerson op"]
[Site "San Francisco"]
[Date "2009.08.04"]
[Round "2"]
[White "Shin, Kyle"]
[Black "Shakhnazarov, Oleg"]
[Result "1-0"]
[WhiteElo "1956"]
[BlackElo "2194"]
[PlyCount "79"]
[EventDate "2009.08.03"]
[EventType "swiss"]
[EventRounds "9"]
[EventCountry "USA"]
[SourceTitle "EXT 2012"]
[Source "ChessBase"]
[SourceDate "2011.11.24"]
[SourceVersion "1"]
[SourceVersionDate "2011.11.24"]
[SourceQuality "1"]

1. d4 Nf6 2. Nf3 g6 3. c4 Bg7 4. Nc3 d6 5. g3 0-0 6. Bg2 c6 7. 0-0 Nbd7 8. e4 e5 9. d5 cxd5 10. cxd5 Nc5 11. Qc2 b5 12. Be3 b4 13. Bxc5 bxc3 14. Ba3 cxb2 15. Rab1 Ba6 16. Rfe1 Rc8 17. Qb3 Bc4 18. Qb4 Bd3 19. Rxb2 Rc4 20. Qb3 Qc8 21. Bxd6 Bxe4 22. Nxe5 Rc3 23. Qa4 Bxg2 24. Rb8 Qh3 25. Bxf8 Bxd5 26. Be7+ Rc8 27. Rxc8+ Qxc8 28. Bxf6 Bxf6 29. Nd7 Qc3 30. Rd1 Be6 31. Qxa7 Be7 32. a4 h5 33. a5 h4 34. Qd4 Qf3 35. Qd3 Qa8 36. Qb5 Qe4 37. Qb8+ Kh7 38. Qf4 Qa8 39. Nf6+ Kg7 40. Nd7 1-0

[Event "San Francisco TNM Summer op"]
[Site "San Francisco"]
[Date "2009.06.25"]
[Round "5"]
[White "Rozenvasser, Anthony"]
[Black "Shin, Kyle"]
[Result "1-0"]
[WhiteElo "2167"]
[BlackElo "1960"]
[PlyCount "73"]
[EventDate "2009.05.26"]
[EventType "swiss"]
[EventRounds "8"]
[EventCountry "USA"]
[SourceTitle "EXT 2012"]
[Source "ChessBase"]
[SourceDate "2011.11.24"]
[SourceVersion "1"]
[SourceVersionDate "2011.11.24"]
[SourceQuality "1"]

1. e4 e6 2. d4 d5 3. exd5 exd5 4. Bd3 Bd6 5. Nc3 Ne7 6. Qh5 Nbc6 7. Bg5 Nb4 8. 0-0-0 c6 9. Nf3 Nxd3+ 10. Rxd3 0-0 11. Bxe7 Qxe7 12. g4 g6 13. Qh3 f5 14. g5 f4 15. Qg2 Bf5 16. Rd2 Bb4 17. Re2 Be4 18. Nxe4 dxe4 19. Qg4 Qf7 20. Rxe4 Qxa2 21. Qe6+ Qxe6 22. Rxe6 Rae8 23. Rxe8 Rxe8 24. c3 Bd6 25. Kd2 Kf7 26. Kd3 Re7 27. h4 Ke6 28. Ke4 Rf7 29. h5 Rf5 30. hxg6 hxg6 31. Rh6 Rb5 32. Rxg6+ Ke7 33. b4 a5 34. bxa5 Rb2 35. Nh4 Bc7 36. a6 Rxf2 37. Rg7+ 1-0